| 000 -LEADER |
| fixed length control field |
01923cam a2200433 a 4500 |
| 001 - CONTROL NUMBER |
| control field |
15312653 |
| 005 - DATE AND TIME OF LATEST TRANSACTION |
| control field |
20170105102845.0 |
| 008 - FIXED-LENGTH DATA ELEMENTS--GENERAL INFORMATION |
| fixed length control field |
080602s2008 nyuabf b 001 0deng |
| 010 ## - LIBRARY OF CONGRESS CONTROL NUMBER |
| LC control number |
2008023589 |
| 020 ## - INTERNATIONAL STANDARD BOOK NUMBER |
| International Standard Book Number |
9781596915329 |
| 020 ## - INTERNATIONAL STANDARD BOOK NUMBER |
| International Standard Book Number |
1596915323 |
| 040 ## - CATALOGING SOURCE |
| Original cataloging agency |
DLC |
| Transcribing agency |
DLC |
| Modifying agency |
DLC |
| 043 ## - GEOGRAPHIC AREA CODE |
| Geographic area code |
n-us--- |
| -- |
nwcu--- |
| 050 00 - LIBRARY OF CONGRESS CALL NUMBER |
| Classification number |
E842.9 |
| Item number |
.R873 2008 |
| 082 00 - DEWEY DECIMAL CLASSIFICATION NUMBER |
| Classification number |
973.922092 |
| Edition number |
22 |
| 100 1# - MAIN ENTRY--PERSONAL NAME |
| Personal name |
Russo, Gus. |
| 245 10 - TITLE STATEMENT |
| Title |
Brothers in arms : |
| Remainder of title |
the Kennedys, the Castros, and the politics of murder / |
| Statement of responsibility, etc. |
Gus Russo and Stephen Molton. |
| 250 ## - EDITION STATEMENT |
| Edition statement |
1st U.S. ed. |
| 260 ## - PUBLICATION, DISTRIBUTION, ETC. |
| Place of publication, distribution, etc. |
New York : |
| Name of publisher, distributor, etc. |
Bloomsbury USA, |
| Date of publication, distribution, etc. |
2008. |
| 300 ## - PHYSICAL DESCRIPTION |
| Extent |
xiii, 545 p., [16] p. of plates : |
| Other physical details |
ill., map ; |
| Dimensions |
25 cm. |
| 504 ## - BIBLIOGRAPHY, ETC. NOTE |
| Bibliography, etc. note |
Includes bibliographical references (p. [513]-520) and index. |
| 600 10 - SUBJECT ADDED ENTRY--PERSONAL NAME |
| Personal name |
Kennedy, John F. |
| Fuller form of name |
(John Fitzgerald), |
| Dates associated with a name |
1917-1963 |
| General subdivision |
Assassination. |
| 600 10 - SUBJECT ADDED ENTRY--PERSONAL NAME |
| Personal name |
Kennedy, Robert F., |
| Dates associated with a name |
1925-1968 |
| General subdivision |
Assassination. |
| 600 10 - SUBJECT ADDED ENTRY--PERSONAL NAME |
| Personal name |
Kennedy, John F. |
| Fuller form of name |
(John Fitzgerald), |
| Dates associated with a name |
1917-1963. |
| 600 10 - SUBJECT ADDED ENTRY--PERSONAL NAME |
| Personal name |
Kennedy, Robert F., |
| Dates associated with a name |
1925-1968. |
| 600 10 - SUBJECT ADDED ENTRY--PERSONAL NAME |
| Personal name |
Castro, Fidel, |
| Dates associated with a name |
1926- |
| 600 10 - SUBJECT ADDED ENTRY--PERSONAL NAME |
| Personal name |
Castro Ruz, Raúl, |
| Dates associated with a name |
1930- |
| 650 #0 - SUBJECT ADDED ENTRY--TOPICAL TERM |
| Topical term or geographic name entry element |
Assassination |
| General subdivision |
Political aspects |
| Geographic subdivision |
United States |
| General subdivision |
History |
| Chronological subdivision |
20th century. |
| 650 #0 - SUBJECT ADDED ENTRY--TOPICAL TERM |
| Topical term or geographic name entry element |
Assassination |
| General subdivision |
Political aspects |
| Geographic subdivision |
Cuba |
| General subdivision |
History |
| Chronological subdivision |
20th century. |
| 651 #0 - SUBJECT ADDED ENTRY--GEOGRAPHIC NAME |
| Geographic name |
United States |
| General subdivision |
Foreign relations |
| Geographic subdivision |
Cuba. |
| 651 #0 - SUBJECT ADDED ENTRY--GEOGRAPHIC NAME |
| Geographic name |
Cuba |
| General subdivision |
Foreign relations |
| Geographic subdivision |
United States. |
| 700 1# - ADDED ENTRY--PERSONAL NAME |
| Personal name |
Molton, Stephen. |
| 856 41 - ELECTRONIC LOCATION AND ACCESS |
| Materials specified |
Table of contents only |
| Uniform Resource Identifier |
<a href="http://www.loc.gov/catdir/toc/ecip0820/2008023589.html">http://www.loc.gov/catdir/toc/ecip0820/2008023589.html</a> |
| 856 42 - ELECTRONIC LOCATION AND ACCESS |
| Materials specified |
Contributor biographical information |
| Uniform Resource Identifier |
<a href="http://www.loc.gov/catdir/enhancements/fy0906/2008023589-b.html">http://www.loc.gov/catdir/enhancements/fy0906/2008023589-b.html</a> |
| 856 42 - ELECTRONIC LOCATION AND ACCESS |
| Materials specified |
Publisher description |
| Uniform Resource Identifier |
<a href="http://www.loc.gov/catdir/enhancements/fy0906/2008023589-d.html">http://www.loc.gov/catdir/enhancements/fy0906/2008023589-d.html</a> |
| 906 ## - LOCAL DATA ELEMENT F, LDF (RLIN) |
| a |
7 |
| b |
cbc |
| c |
orignew |
| d |
1 |
| e |
ecip |
| f |
20 |
| g |
y-gencatlg |
| 942 ## - ADDED ENTRY ELEMENTS (KOHA) |
| Source of classification or shelving scheme |
|
| Koha item type |
Book |